000 00796nam a2200277 a 4500
001 000107768
003 CHAP
005 20220329143943.0
008 131030s2012 mx a |r| ||||||spa d
010 _a104230
011 _a105202
020 _a9786077072546
040 _cCHAP
082 0 4 _a658.4
_bG16
100 1 _aGallardo Hernández, José Ramón
_9124505
245 1 0 _aAdministración estratégica :
_bde la visión a la ejecución /
_cpor José Ramón Gallardo Hernandez.
260 _aMéxico, D.F. :
_bAlfaomega,
_c2012.
300 _a538 p. :
_bil.
590 _aE5765TAJ
_b05
_c20131030
_lUCH01
_h1433
590 _aE5765TAJ
_b05
_c20131030
_lUCH01
_h1434
650 1 4 _aAdministración.
_9918
650 1 4 _aPlaneación.
_988697
901 _aBK
942 _cLIBRO
942 _n0
999 _c104230
_d104230